000 00671nam a2200253Ia 4500
003 OSt
005 20221005133024.0
006 a|||||r|||| 00| 0
007 ta
008 221004b |||||||| |||| 00| 0 mal d
024 _a55578
037 _cTextual
040 _aCRL
_cCRL
_bmal
041 _2mal
_amal
082 _aO32,2M, E6
100 _aVarma Kerala Au.
_9641955
245 0 _aVeni sanha roman
260 _c1916
650 _a MALAYALAM LITERATURE
_938866
650 _aMALAYALAM DRAMA
_9207189
700 _a Buran Tham Au.
_9641956
942 _hO32,2M, E6
_cTEXL
_2cc
999 _c1065507
_d1065507